| 000 | 00385pab a2200157 454500 | ||
|---|---|---|---|
| 008 | 180718b1995 xxu||||| |||| 00| 0 eng d | ||
| 100 | _aMcNeil, Mary | ||
| 245 |
_aBombay _bone city - two worlds. |
||
| 260 | _c1995 | ||
| 300 | _ap.1,4-7,28 | ||
| 362 | _aJun | ||
| 650 | _aCity planning - India - Maharashtra | ||
| 650 | _aUrban development | ||
| 773 | _aUrban Age | ||
| 909 | _a31661 | ||
| 999 |
_c31661 _d31661 |
||